Vargheeyathayum laharisamskaravum/ (Record no. 181752)

000 -LEADER
fixed length control field 00484nam a2200181 4500
020 ## - INTERNATIONAL STANDARD BOOK NUMBER
ISBN 9789348132475
082 ## - DEWEY DECIMAL CLASSIFICATION NUMBER
Classification number M5
Item number SUK/V
100 ## - MAIN ENTRY--AUTHOR NAME
Personal name Sukumar Azheekkode
245 ## - TITLE STATEMENT
Title Vargheeyathayum laharisamskaravum/
Statement of responsibility, etc by Sukumar Azheekkode
260 ## - PUBLICATION, DISTRIBUTION, ETC. (IMPRINT)
Place of publication Kozhikkode:
Name of publisher Atma books,
Year of publication 2025.
300 ## - PHYSICAL DESCRIPTION
Number of Pages 120p.
650 ## - SUBJECT ADDED ENTRY--TOPICAL TERM
Topical Term Speeches Malayalam
650 ## - SUBJECT ADDED ENTRY--TOPICAL TERM
Topical Term Literature Malayalam
650 ## - SUBJECT ADDED ENTRY--TOPICAL TERM
Topical Term Literature
700 ## - ADDED ENTRY--PERSONAL NAME
Personal name Gilson John(comp.)
700 ## - ADDED ENTRY--PERSONAL NAME
Personal name Paul Manalil(comp.ed.)
942 ## - ADDED ENTRY ELEMENTS (KOHA)
Koha item type Book
Holdings
Withdrawn status Lost status Damaged status Not for loan Permanent Location Current Location Shelving location Date acquired Cost, normal purchase price Full call number Accession Number Price effective from Koha item type
        Sree Sankaracharya University of Sanskrit Sree Sankaracharya University of Sanskrit Stacks 22.05.2026 240.00 M5 SUK/V 108886 22.05.2026 Book